Renewable Energy Quiz - Statistics

General Stats
  • This quiz has been taken 33 times
  • The average score is 7 of 15
Answer Stats
Question Answer % Correct
True or False: the U.S. can save $3.5 trillion in avoided health impacts with cleaner energy supply (Net Zero America). True
90%
What energy source has the potential to power cars, buses and airplanes? Hydrogen
70%
Which renewable energy source is the fastest growing? Solar
70%
True or False: Hydropower produced more than 2x the electricity wind power produced in 2019 True
70%
Finish the sentence: in just one hour, the sunlight which falls on the earth produces enough energy to power the whole world for ... 1 year
60%
According to BP, which fossil fuel will run out first in only 50 years? Oil
50%
How much of the Sahara Desert would have to be covered to power the whole world? 1.2%
40%
According to the International Energy Agency (IEA), what percentage of global electricity generation was powered by renewables in 2019? 23.2
40%
Which US state has proposed to commit to 100% renewable energy electricity? All of the above
40%
True or False: we can reach 100% renewable energy by 2050. True
40%
How much renewable energy does the world generate approximately? 4,000 billion kWh
30%
How much electricity (GWh) was generated from biofuels and waste in 2019? 617,000
30%
How many deaths can the U.S. have avoided by 2050 by switching to cleaner energy. 400,000
20%
How much of the United States’ energy consumption derived from renewable sources in 2019? 11%
10%
What percentage of new power sources in 2013 were renewable? 56%
10%
No matching quizzes found
Score Distribution
Percent of People with Each Score
Percentile by Number Answered
Your Score History
You have not taken this quiz